000 005930000a22002290004500
003 LK-CoMWRAF
005 20231023132244.0
008 230817t2005 ||||| |||| 00| 0 eng d
020 _a8178982137
040 _aLK-CoMWRAF
_dLK-CoMWRAF
_eLK-CoMWRAF
041 _aeng
082 _a297.4
_bERF
100 _aErfani, Mohammad Imran
100 _aKhan, Saniyasnain
245 _aGoodword Islamic Studies :
_bA grated course
260 _aNew Delhi
_bGoodword
_c2005
300 _a64p
490 _aGrade 4
650 _aIslam Education
650 _aFaith and Belief in Islam
942 _cBK
999 _c941
_d941